Výkrik

Bibliographic Details
Main Author: Valček, Peter, 1955-2019 (Author)
Format: Article
Language:Slovak
Subjects:

MARC

LEADER 00000nab a2200000 a 4500
001 vtls000643300
003 SK-MaSNL
005 20260304084225.0
008 250425c1997 xo 0 slo
015 |a SNBRB19rr/mm-uuuuu 
035 |a CL0643439 
035 |a urn:nbn:sk:snk-abepwo 
035 |a (urnnbn)urn:nbn:sk:snk:ar-000aum 
035 |a (uuid)1ae5a54c-2c1a-4c67-8f05-29aaaa5efc19 
040 |a SNKBUCL  |b slo  |c SNKBUCL  |e AACR2 
041 0 |a slo 
044 |a xo  |c SK 
080 |a 885.4-3  |2 1981 
100 1 |a Valček, Peter,  |d 1955-2019  |4 aut  |9 99351 
245 1 0 |a Výkrik  |c Peter Valček 
650 0 7 |a poviedky psychologické  |2 snkbucl  |9 893883 
655 7 |a články z novín a časopisov  |2 snkbucl  |9 267496 
655 7 |a články z odboru literárna veda a krásna literatúra  |2 snkbucl  |9 770045 
773 0 |t Slovenské pohľady  |g Roč. 4+113, č. 12 (1997), s. 49-55 
850 |a Slovenská národná knižnica 
852 |a Slovenská národná knižnica 
958 |a article27 
958 |a LX 
958 |a SK 
958 |a RK 
958 |a OND 
958 |a EUIPO 
992 |a RBX 
999 |c 2802513  |d 2804443